000 00492cam a2200169 4500
001 D12187
008 090401t1903 xxu||||| |||| 00| 0 eng d
035 _a(Sirsi) u94078
041 _aeng
100 _aBooth, Charles
245 _aLife and labour of the people in London
260 _aLondon
_bMacMillan
_c1903
350 _a0
520 _aShelf 151 Industry 4 Public, professional and domestic service, unoccupied classes, inmates of institutions
942 _n0
948 _c04/03/1997
999 _c97902
_d97902